000 00550nam a22002057a 4500
003 BUBTL
008 210307b xxu||||| |||| 00| 0 eng d
020 _a81-7012-599-5
082 _a364 / Q11i / 2005
100 _aQadri, S. M. Afzal
_93999
245 _aCriminology
_bS. M. Afzal Qadri
250 _a5th
260 _aNew Delhi
_bEastern Book Company
_cc2005
300 _a[xxiv] , 624p . :
_b21cm.
500 _aIncludes Index
650 _aLaw
_94000
856 _k0
_l0
_yDownload
942 _2ddc
_cBK
999 _c6473
_d6473